<?xml version="1.0" encoding="UTF-8"?>
<record
    xmlns:xsi="http://www.w3.org/2001/XMLSchema-instance"
    xsi:schemaLocation="http://www.loc.gov/MARC21/slim http://www.loc.gov/standards/marcxml/schema/MARC21slim.xsd"
    xmlns="http://www.loc.gov/MARC21/slim">

  <leader>05951na  a2200673   4500</leader>
  <controlfield tag="001">24419</controlfield>
  <controlfield tag="003">MIRAKIL</controlfield>
  <controlfield tag="005">20181226104235.0</controlfield>
  <controlfield tag="008">181005b        tu            000 0      </controlfield>
  <datafield tag="035" ind1=" " ind2=" ">
    <subfield code="a">14794</subfield>
  </datafield>
  <datafield tag="041" ind1=" " ind2=" ">
    <subfield code="a">tur</subfield>
  </datafield>
  <datafield tag="082" ind1=" " ind2=" ">
    <subfield code="a">324.2372</subfield>
    <subfield code="b">C36p [2012?]</subfield>
  </datafield>
  <datafield tag="090" ind1=" " ind2=" ">
    <subfield code="a">324.2372 C36p [201?]</subfield>
  </datafield>
  <datafield tag="110" ind1=" " ind2=" ">
    <subfield code="a">Cumhuriyet Halk Partisi (CHP)</subfield>
    <subfield code="b">Bilim Y&#xF6;netim ve K&#xFC;lt&#xFC;r Platformu (BYKP)</subfield>
  </datafield>
  <datafield tag="245" ind1=" " ind2=" ">
    <subfield code="a">Politika notlar&#x131;</subfield>
    <subfield code="c">CHP Bilim Y&#xF6;netim ve K&#xFC;lt&#xFC;r Platformu</subfield>
  </datafield>
  <datafield tag="260" ind1=" " ind2=" ">
    <subfield code="a">Ankara</subfield>
    <subfield code="b">CHP</subfield>
    <subfield code="c">[2012?]</subfield>
  </datafield>
  <datafield tag="300" ind1=" " ind2=" ">
    <subfield code="a">280 s.</subfield>
    <subfield code="b">rnkl. res. ; tbl.</subfield>
    <subfield code="c">30 sm.</subfield>
  </datafield>
  <datafield tag="490" ind1=" " ind2=" ">
    <subfield code="a">CHP Bilim, Y&#xF6;netim ve K&#xFC;lt&#xFC;r Platformu yay&#x131;nlar&#x131;</subfield>
  </datafield>
  <datafield tag="500" ind1=" " ind2=" ">
    <subfield code="a">CHP: T&#xFC;rkiye'nin birle&#x15F;tirici g&#xFC;c&#xFC;</subfield>
  </datafield>
  <datafield tag="505" ind1=" " ind2=" ">
    <subfield code="a">1.S&#x131;n&#x131;r tan&#x131;mayan otoriterlik: &#xE7;&#xF6;z&#xFC;m tam demokrasi ve hukukun &#xFC;st&#xFC;nl&#xFC;&#x11F;&#xFC; - 2. Diktat&#xF6;rl&#xFC;k-yolsuzluk sarmal&#x131;nda AKP : CHP yolsuzlu&#x11F;a son verecek. - 3. Korku ve g&#xFC;vensizlik toplumu : AKP'nin g&#xF6;zetim ve fi&#x15F;leme stratejileri - 4. AKP'nin yol a&#xE7;t&#x131;&#x11F;&#x131; b&#xFC;y&#xFC;k toplumsal &#xE7;&#xF6;k&#xFC;nt&#xFC; - 5. &#x130;&#x15F;&#xE7;i &#xF6;l&#xFC;m&#xFC;n&#xFC;n "kazas&#x131;" olmaz. - 6. Kat&#x131;l&#x131;m paylar&#x131; : AKP'nin ac&#x131; re&#xE7;etesi; Parayla de&#x11F;il yurtta&#x15F;l&#x131;k hakk&#x131;yla sa&#x11F;l&#x131;k hizmeti. - 7. AKP'n&#x131;n Orta Do&#x11F;u politikas&#x131;: "Ne yurtta ne d&#xFC;nyada bar&#x131;&#x15F;". - 8. &#xC7;al&#x131;&#x15F;ma hayat&#x131;ndan kopart&#x131;lan, toplumda g&#xFC;&#xE7;s&#xFC;zle&#x15F;tirilen kad&#x131;n: AKP'nin en az &#xFC;&#xE7; &#xE7;ocuk politikas&#x131;. - 9. Ahlak zab&#x131;tal&#x131;&#x11F;&#x131;ndan toplum m&#xFC;hendisli&#x11F;ine: Kad&#x131;nlar&#x131;n &#xF6;zel ya&#x15F;am&#x131;na g&#xF6;z diken AKP - 10. G&#xF6;stermelik paketler ile kad&#x131;n sorunlar&#x131; &#xE7;&#xF6;z&#xFC;lemez. - 11. Atat&#xFC;rk Orman &#xC7;iftli&#x11F;i: Bir emanetin ve vizyonun tahribat&#x131; - 12. TOK&#x130;: AKP'nin rant &#x15F;ebekesi, ahbap-&#xE7;avu&#x15F; kapitalizmi - 13. AKP ne eme&#x11F;in yan&#x131;nda ne emeklinin: CHP ile insan onuruna yak&#x131;&#x15F;&#x131;r emeklilik - 14. AKP'nin d&#xF6;rt d&#xF6;rtl&#xFC;k e&#x11F;itim tuza&#x11F;&#x131; : 4+4+4 yasas&#x131; - 15. 4+4+4'&#xFC;n 1 y&#x131;l&#x131; sorunlar y&#x131;&#x11F;&#x131;n&#x131; - 16. AKP e&#x11F;itiminin 6'n&#x131; &#xFC;st&#xFC;ne getirdi; AKP'nin yeni oyunca&#x11F;&#x131; 5 ya&#x15F;&#x131;ndaki &#xE7;ocuklar - 17. E&#x11F;itim sistemi tart&#x131;&#x15F;malar&#x131;, CHP ne &#xF6;ng&#xF6;r&#xFC;yor:1+8+4 - 18. Hi&#xE7;bir &#xE7;ocuk arkada b&#x131;rak&#x131;lmamal&#x131;: Paras&#x131; ilk&#xF6;&#x11F;retim ve bir &#xF6;&#x11F;&#xFC;n s&#x131;cak yemek - 19. &#xC7;ocuklar&#x131;n &#xF6;zg&#xFC;r se&#xE7;imi mi, AKP'nin siyas&#x131; dayatmas&#x131; m&#x131;? - 20. Bir g&#xFC;n de&#x11F;il her g&#xFC;n hat&#x131;rlanan, ya&#x15F;amboyu &#xF6;&#x11F;renen &#xF6;&#x11F;retmen - 21. Ne azarlanan ve tasarlanan: &#xD6;zg&#xFC;l ve yenilik&#xE7;i gen&#xE7;lik - 22. AKP iktidar&#x131;nda gen&#xE7;ler: "Yurtsuz, sessiz, renksiz" . - 23. Birinci y&#x131;l&#x131;nda gezi hareketi 1-2 - 24. Nefrete kar&#x15F;&#x131; bir arada ya&#x15F;am&#x131; savunmak: E&#x15F;it yurtta&#x15F;, &#xF6;zg&#xFC;r insan, karde&#x15F;&#xE7;e ya&#x15F;am - 25. Say&#x131;&#x15F;tay: vatanda&#x15F; vergisini veriyor, h&#xFC;k&#xFC;met de hesab&#x131;n&#x131; verecek. - 26. AKP'nin yasak&#xE7;&#x131; a&#x11F;&#x131;nda internet: Bilgiye eri&#x15F;imi engellenmesi. - 27. Engellilerin sorunlar&#x131;n&#x131; onlarla birlikte &#xE7;&#xF6;z&#xFC;yorum - 28. AKP'nin k&#xFC;lt&#xFC;r karartmas&#x131;. Sanata sans&#xFC;r, sanat&#xE7;&#x131;ya bask&#x131; - 29. Yurt d&#x131;&#x15F;&#x131; se&#xE7;im &#xE7;evresi: Daha adil bir se&#xE7;im sistemine do&#x11F;ru - 30. T&#xFC;rkiye Bilimler Akademisi AKP k&#x131;skac&#x131;nda: T&#xFC;rkiye'de kurumsal ve bilimsel &#xF6;zerkli&#x11F;in tahribat&#x131;</subfield>
  </datafield>
  <datafield tag="610" ind1=" " ind2=" ">
    <subfield code="a">AKP</subfield>
    <subfield code="x">Siyaset ve y&#xF6;netim</subfield>
    <subfield code="y">Ele&#x15F;tiriler</subfield>
  </datafield>
  <datafield tag="610" ind1=" " ind2=" ">
    <subfield code="a">CHP</subfield>
    <subfield code="x">Siyasal ve sosyal g&#xF6;r&#xFC;&#x15F;ler</subfield>
    <subfield code="y">Raporlar</subfield>
  </datafield>
  <datafield tag="610" ind1=" " ind2=" ">
    <subfield code="a">CHP</subfield>
    <subfield code="x">AKP iktidar&#x131;</subfield>
    <subfield code="y">Ele&#x15F;tiriler</subfield>
  </datafield>
  <datafield tag="651" ind1=" " ind2=" ">
    <subfield code="a">T&#xFC;rkiye</subfield>
    <subfield code="x">Siyaset ve y&#xF6;netim</subfield>
    <subfield code="y">2002-</subfield>
  </datafield>
  <datafield tag="657" ind1=" " ind2=" ">
    <subfield code="a">AKP/Erdo&#x11F;an iktidar&#x131;</subfield>
    <subfield code="x">Siyaset ve y&#xF6;netim</subfield>
  </datafield>
  <datafield tag="740" ind1=" " ind2=" ">
    <subfield code="a">CHP: T&#xFC;rkiye'nin birle&#x15F;tirici g&#xFC;c&#xFC;</subfield>
  </datafield>
  <datafield tag="740" ind1=" " ind2=" ">
    <subfield code="a">T&#xFC;rkiye Bilimler Akademisi AKP k&#x131;skac&#x131;nda: T&#xFC;rkiye'de kurumsal ve bilimsel &#xF6;zerkli&#x11F;in tahribat&#x131;</subfield>
  </datafield>
  <datafield tag="740" ind1=" " ind2=" ">
    <subfield code="a">Yurt d&#x131;&#x15F;&#x131; se&#xE7;im &#xE7;evresi: Daha adil bir se&#xE7;im sistemine do&#x11F;ru</subfield>
  </datafield>
  <datafield tag="740" ind1=" " ind2=" ">
    <subfield code="a">AKP'nin k&#xFC;lt&#xFC;r karartmas&#x131;. Sanata sans&#xFC;r, sanat&#xE7;&#x131;ya bask&#x131;</subfield>
  </datafield>
  <datafield tag="740" ind1=" " ind2=" ">
    <subfield code="a">Engellilerin sorunlar&#x131;n&#x131; onlarla birlikte &#xE7;&#xF6;z&#xFC;yorum </subfield>
  </datafield>
  <datafield tag="740" ind1=" " ind2=" ">
    <subfield code="a">AKP'nin yasak&#xE7;&#x131; a&#x11F;&#x131;nda internet: Bilgiye eri&#x15F;imi engellenmesi</subfield>
  </datafield>
  <datafield tag="740" ind1=" " ind2=" ">
    <subfield code="a">Say&#x131;&#x15F;tay: vatanda&#x15F; vergisini veriyor, h&#xFC;k&#xFC;met de hesab&#x131;n&#x131; verecek</subfield>
  </datafield>
  <datafield tag="740" ind1=" " ind2=" ">
    <subfield code="a">Nefrete kar&#x15F;&#x131; bir arada ya&#x15F;am&#x131; savunmak: E&#x15F;it yurtta&#x15F;, &#xF6;zg&#xFC;r insan, karde&#x15F;&#xE7;e ya&#x15F;am </subfield>
  </datafield>
  <datafield tag="740" ind1=" " ind2=" ">
    <subfield code="a">Birinci y&#x131;l&#x131;nda gezi hareketi 1-2 </subfield>
  </datafield>
  <datafield tag="740" ind1=" " ind2=" ">
    <subfield code="a">AKP iktidar&#x131;nda gen&#xE7;ler: "Yurtsuz, sessiz, renksiz" </subfield>
  </datafield>
  <datafield tag="740" ind1=" " ind2=" ">
    <subfield code="a">Ne azarlanan ve tasarlanan: &#xD6;zg&#xFC;l ve yenilik&#xE7;i gen&#xE7;lik </subfield>
  </datafield>
  <datafield tag="740" ind1=" " ind2=" ">
    <subfield code="a">Bir g&#xFC;n de&#x11F;il her g&#xFC;n hat&#x131;rlanan, ya&#x15F;amboyu &#xF6;&#x11F;renen &#xF6;&#x11F;retmen</subfield>
  </datafield>
  <datafield tag="740" ind1=" " ind2=" ">
    <subfield code="a">&#xC7;ocuklar&#x131;n &#xF6;zg&#xFC;r se&#xE7;imi mi, AKP'nin siyas&#x131; dayatmas&#x131; m&#x131;?</subfield>
  </datafield>
  <datafield tag="740" ind1=" " ind2=" ">
    <subfield code="a">Hi&#xE7;bir &#xE7;ocuk arkada b&#x131;rak&#x131;lmamal&#x131;: Paras&#x131; ilk&#xF6;&#x11F;retim ve bir &#xF6;&#x11F;&#xFC;n s&#x131;cak yemek</subfield>
  </datafield>
  <datafield tag="740" ind1=" " ind2=" ">
    <subfield code="a">E&#x11F;itim sistemi tart&#x131;&#x15F;malar&#x131;, CHP ne &#xF6;ng&#xF6;r&#xFC;yor:1+8+4</subfield>
  </datafield>
  <datafield tag="740" ind1=" " ind2=" ">
    <subfield code="a">AKP e&#x11F;itiminin 6'n&#x131; &#xFC;st&#xFC;ne getirdi; AKP'nin yeni oyunca&#x11F;&#x131; 5 ya&#x15F;&#x131;ndaki &#xE7;ocuklar </subfield>
  </datafield>
  <datafield tag="740" ind1=" " ind2=" ">
    <subfield code="a">AKP'nin d&#xF6;rt d&#xF6;rtl&#xFC;k e&#x11F;itim tuza&#x11F;&#x131; : 4+4+4 yasas&#x131; - 15. 4+4+4'&#xFC;n 1 y&#x131;l&#x131; sorunlar y&#x131;&#x11F;&#x131;n&#x131; </subfield>
  </datafield>
  <datafield tag="740" ind1=" " ind2=" ">
    <subfield code="a">AKP ne eme&#x11F;in yan&#x131;nda ne emeklinin: CHP ile insan onuruna yak&#x131;&#x15F;&#x131;r emeklilik </subfield>
  </datafield>
  <datafield tag="740" ind1=" " ind2=" ">
    <subfield code="a">TOK&#x130;: AKP'nin rant &#x15F;ebekesi, ahbap-&#xE7;avu&#x15F; kapitalizmi</subfield>
  </datafield>
  <datafield tag="740" ind1=" " ind2=" ">
    <subfield code="a">Atat&#xFC;rk Orman &#xC7;iftli&#x11F;i: Bir emanetin ve vizyonun tahribat&#x131; </subfield>
  </datafield>
  <datafield tag="740" ind1=" " ind2=" ">
    <subfield code="a">G&#xF6;stermelik paketler ile kad&#x131;n sorunlar&#x131; &#xE7;&#xF6;z&#xFC;lemez</subfield>
  </datafield>
  <datafield tag="740" ind1=" " ind2=" ">
    <subfield code="a">Ahlak zab&#x131;tal&#x131;&#x11F;&#x131;ndan toplum m&#xFC;hendisli&#x11F;ine: Kad&#x131;nlar&#x131;n &#xF6;zel ya&#x15F;am&#x131;na g&#xF6;z diken AKP </subfield>
  </datafield>
  <datafield tag="740" ind1=" " ind2=" ">
    <subfield code="a">&#xC7;al&#x131;&#x15F;ma hayat&#x131;ndan kopart&#x131;lan, toplumda g&#xFC;&#xE7;s&#xFC;zle&#x15F;tirilen kad&#x131;n: AKP'nin en az &#xFC;&#xE7; &#xE7;ocuk politikas&#x131;</subfield>
  </datafield>
  <datafield tag="740" ind1=" " ind2=" ">
    <subfield code="a">AKP'nin Orta Do&#x11F;u politikas&#x131;: "Ne yurtta ne d&#xFC;nyada bar&#x131;&#x15F;"</subfield>
  </datafield>
  <datafield tag="740" ind1=" " ind2=" ">
    <subfield code="a">Kat&#x131;l&#x131;m paylar&#x131; : AKP'nin ac&#x131; re&#xE7;etesi; Parayla de&#x11F;il yurtta&#x15F;l&#x131;k hakk&#x131;yla sa&#x11F;l&#x131;k hizmeti</subfield>
  </datafield>
  <datafield tag="740" ind1=" " ind2=" ">
    <subfield code="a">&#x130;&#x15F;&#xE7;i &#xF6;l&#xFC;m&#xFC;n&#xFC;n "kazas&#x131;" olmaz</subfield>
  </datafield>
  <datafield tag="740" ind1=" " ind2=" ">
    <subfield code="a">AKP'nin yol a&#xE7;t&#x131;&#x11F;&#x131; b&#xFC;y&#xFC;k toplumsal &#xE7;&#xF6;k&#xFC;nt&#xFC; </subfield>
  </datafield>
  <datafield tag="740" ind1=" " ind2=" ">
    <subfield code="a">Korku ve g&#xFC;vensizlik toplumu : AKP'nin g&#xF6;zetim ve fi&#x15F;leme stratejileri </subfield>
  </datafield>
  <datafield tag="740" ind1=" " ind2=" ">
    <subfield code="a">Diktat&#xF6;rl&#xFC;k-yolsuzluk sarmal&#x131;nda AKP : CHP yolsuzlu&#x11F;a son verecek</subfield>
  </datafield>
  <datafield tag="740" ind1=" " ind2=" ">
    <subfield code="a">S&#x131;n&#x131;r tan&#x131;mayan otoriterlik: &#xE7;&#xF6;z&#xFC;m tam demokrasi ve hukukun &#xFC;st&#xFC;nl&#xFC;&#x11F;&#xFC; </subfield>
  </datafield>
  <datafield tag="830" ind1=" " ind2=" ">
    <subfield code="a">CHP yay&#x131;nlar&#x131;</subfield>
  </datafield>
  <datafield tag="942" ind1=" " ind2=" ">
    <subfield code="2">ddc</subfield>
    <subfield code="c">BKS</subfield>
  </datafield>
  <datafield tag="040" ind1=" " ind2=" ">
    <subfield code="a">Milas</subfield>
    <subfield code="b">tur</subfield>
    <subfield code="c">TR-AnCHP</subfield>
  </datafield>
  <datafield tag="952" ind1=" " ind2=" ">
    <subfield code="5">0</subfield>
    <subfield code="a">0002</subfield>
    <subfield code="b">0002</subfield>
    <subfield code="d">2018-10-05</subfield>
    <subfield code="l">0</subfield>
    <subfield code="o">324.2372 C36p [201?]</subfield>
    <subfield code="p">P00189</subfield>
    <subfield code="r">2018-10-05 00:00:00</subfield>
    <subfield code="v">0.00</subfield>
    <subfield code="w">2018-10-05</subfield>
    <subfield code="x"> </subfield>
    <subfield code="y">BKS</subfield>
  </datafield>
  <datafield tag="999" ind1=" " ind2=" ">
    <subfield code="c">11842</subfield>
    <subfield code="d">11842</subfield>
  </datafield>
</record>
